|
|
|
|
| LEADER |
00000nas a2200000 4500 |
| 001 |
ssj0002515 |
| 003 |
WaSeSS |
| 005 |
20200512172242.0 |
| 006 |
m d |
| 007 |
cr n |
| 008 |
750921d19741996ilufr p s 0 a0eng c |
| 010 |
|
|
|a 74645680
|
| 016 |
7 |
|
|a 007855630
|2 Uk
|
| 016 |
|
|
|a (AMICUS)000000256106
|
| 022 |
|
|
|l 0094-5404
|y 0094-5404
|
| 035 |
|
|
|a (WaSeSS)ssj0002515
|
| 040 |
|
|
|a MUL
|b eng
|c MUL
|d YUS
|d NSD
|d DLC
|d AIP
|d NST
|d OCL
|d NSD
|d NST
|d NSD
|d NST
|d HLS
|d OCLCQ
|d CUV
|d OCLCQ
|d UKMGB
|d OCLCQ
|d OCLCA
|d OCLCQ
|d OCLCA
|d OCLCF
|d OCLCO
|d XFH
|d NLC
|d OCLCQ
|d GILDS
|d U3G
|d NJR
|d WaSeSS
|
| 042 |
|
|
|a nsdp
|a pcc
|
| 050 |
0 |
0 |
|a PN2
|b .E84
|
| 082 |
0 |
4 |
|a 805
|
| 210 |
0 |
|
|a Essays lit.
|
| 222 |
|
0 |
|a Essays in literature
|
| 245 |
0 |
0 |
|a Essays in literature
|h [electronic resource].
|
| 260 |
|
|
|a [Macomb, Ill.,
|b Dept. of English, Western Illinois University]
|
| 362 |
0 |
|
|a v. 1-23; spring 1974-1996.
|
| 506 |
|
|
|a License restrictions may limit access.
|
| 555 |
|
|
|a Vols. 1-5, 1974-1978, in v. 5, no. 2; vols. 6-10, 1979-1983, in v. 10, no. 2; vols. 11-15, 1984-1988, in v. 15, no. 2; vols. 16-20, 1989-1993, in v. 20, no. 2.
|
| 650 |
|
0 |
|a Literature, Modern
|v Periodicals.
|
| 650 |
|
7 |
|a Literature, Modern.
|2 fast
|0 (OCoLC)fst01000172
|
| 653 |
|
|
|a Literature in modern languages
|a Serials
|
| 655 |
|
0 |
|a Electronic journals.
|
| 710 |
2 |
|
|a Western Illinois University.
|b Department of English.
|
| 850 |
|
|
|a ArU
|a CU-I
|a CU-Riv
|a CaMWUC
|a CaOONL
|a DeU
|a MoSU
|a DLC
|a NN
|a NdU
|a TxArU
|a ViBlbV
|
| 856 |
4 |
0 |
|z Full text available from Research Library: 04/01/1994 to 10/31/1996
|u https://search.proquest.com/publication/3538
|